Pebbles to computers : the thread /

Guardado en:
Autor Principal: Blohm, Hans.
Otros Autores: Beer, Stafford., Suzuki, David T., 1936-
Formato: Libro
Idioma:English
Publicado: Toronto : Oxford University Press, 1986.
Materias:
Etiquetas: Agregar Etiqueta
Sin Etiquetas, Sea el primero en etiquetar este registro!
LEADER 00722cam a2200229 a 4500
001 MAT.inmabb003398
008 870923s1986####onca#####b####000#0#eng##
005 20160602171351.0
245 1 0 |a Pebbles to computers :  |b the thread /  |c Hans Blohm, Stafford Beer, David Suzuki. 
260 |a Toronto :  |b Oxford University Press,  |c 1986. 
300 |a 112 p. :  |b il. col. ;  |c 23 x 27 cm. 
504 |a Bibliografía: p. 109. 
020 |a 0195405366 
100 1 |a Blohm, Hans. 
700 1 |a Beer, Stafford. 
700 1 |a Suzuki, David T.,  |d 1936- 
650 0 |a Computers  |x History. 
650 0 |a Numeration  |x History. 
084 |a 68-03  |2 msc2000 
010 |a  87126362  
040 |a DLC  |c DLC  |d DLC 
859 |h 68  |i B652  |p A-6495  |b BIB. MATEMATICA